000 00547nam a2200193 a 4500
001 1771666394879
003 YourLibrary
005 20260221150456.0
008 260221s2010##################000#0#eng##
020 _a9780737746563
082 0 4 _a338.54309
_bHAU
100 1 _aHaugen, David M.,
_eauthor.
245 1 0 _aShould the Federal Government Bail Out Private Industry? :
260 _bGreenhaven Publishing,
_c2010.
300 _a124 pages
650 0 _aJuvenile Nonfiction.
942 _cENGLISH
040 _aYourLibrary
_beng
_cYourLibrary
999 _c615357
_d615357